000 01043nam a2200373 a 4500
001 vtls000045265
003 NLI
005 20210601185237.0
008 101125s1958 enkf 001 eng
020 _c$ 21.00
039 9 _y201011250420
_zVLOAD
040 0 _aNLI
_beng
_cVERGIS-2003
041 0 _aeng
044 _aenk
082 0 4 _a821.6
100 1 _aHopkins, Kenneth
_9120120
245 1 0 _aPortraits in satire/
_cKenneth Hopkins
260 _aLondon:
_bBarrie Books,
_c1958
300 _axii, 290 p.;
_c23 cm.:
_bplates
500 _aIncludes index
504 _aBibliography: p. 275-277
650 0 _aSatire, English
_y18th century
_9122881
650 0 _aEnglish poetry
_y18th century
_9115774
887 _aSaritha
901 _a321609
_b03/06/1958
902 _aE 821.6 H 775
903 _a26/05/2004
904 _aSaritha
906 _a046833
949 _AVIRTUAITEM
_D10000
_F1
_X100
_6PUR000321609ENG
_aE 821.6 H775
942 _2ddc
_cBKS
999 _aVIRTUA
_c49385
_d49385
999 _aVTLSSORT0200*9010*9020*9490*9991